000 00319nam a22001337a 4500
008 170605b xxu||||| |||| 00| 0 eng d
020 _a9780275951856
041 _aeng
080 _a94(7/8)
100 _a18
101 _aSHH
245 _aAMERICAN LABOR IN THE ERA OF WORLD WAR
_cMILLER.S.M
942 _2udc
_cBK
999 _c15925
_d15925